Topley & Wilson's principles of Bacteriology & immunology (Record no. 364)

MARC details
000 -LEADER
fixed length control field 00688nam a22002417a 4500
003 - CONTROL NUMBER IDENTIFIER
control field OSt
005 - DATE AND TIME OF LATEST TRANSACTION
control field 20230301151756.0
008 - FIXED-LENGTH DATA ELEMENTS--GENERAL INFORMATION
fixed length control field 140903b xxu||||| |||| 00| 0 eng d
020 ## - INTERNATIONAL STANDARD BOOK NUMBER
International Standard Book Number 978-0340663165
020 ## - INTERNATIONAL STANDARD BOOK NUMBER
International Standard Book Number 0340663162
040 ## - CATALOGING SOURCE
Transcribing agency DLC
082 ## - DEWEY DECIMAL CLASSIFICATION NUMBER
Classification number QW4 C688t 1998
100 ## - MAIN ENTRY--PERSONAL NAME
Personal name Coliier, Leslie; Balows, Albert; Sussman, Max
9 (RLIN) 931
245 ## - TITLE STATEMENT
Title Topley & Wilson's principles of Bacteriology & immunology
250 ## - EDITION STATEMENT
Edition statement 9th ed,
260 ## - PUBLICATION, DISTRIBUTION, ETC. (IMPRINT)
Name of publisher, distributor, etc. Arnold;
Date of publication, distribution, etc. 1998
300 ## - PHYSICAL DESCRIPTION
Extent xxxiv, 1086 p:
Other physical details ill ;
Dimensions 30 cm
504 ## - BIBLIOGRAPHY, ETC. NOTE
Bibliography, etc Includes bibliographical references and index
650 ## - SUBJECT ADDED ENTRY--TOPICAL TERM
Topical term or geographic name as entry element Virology
9 (RLIN) 893
650 ## - SUBJECT ADDED ENTRY--TOPICAL TERM
Topical term or geographic name as entry element Bacteriology
9 (RLIN) 935
650 ## - SUBJECT ADDED ENTRY--TOPICAL TERM
Topical term or geographic name as entry element Immunology
9 (RLIN) 1416
942 ## - ADDED ENTRY ELEMENTS (KOHA)
Source of classification or shelving scheme Other/Generic Classification Scheme
Koha item type Book Bank
Holdings
Withdrawn status Lost status Source of classification or shelving scheme Damaged status Not for loan Home library Current library Date acquired Source of acquisition Inventory number Total Checkouts Full call number Barcode Date last seen Koha item type
    Other/Generic Classification Scheme     MUST Main Library MUST Main Library 03/09/2014   2012/36531   QW4 C688t 1998 2014-2453 03/09/2014 Book Bank
    Other/Generic Classification Scheme     MUST Main Library MUST Main Library 03/09/2014   2012/36529   QW4 C688t 1998 2014-2454 03/09/2014 Book Bank
    Other/Generic Classification Scheme     MUST Main Library MUST Main Library 03/09/2014   2012/36532   QW4 C688t 1998 2014-2455 03/09/2014 Book Bank
    Other/Generic Classification Scheme     MUST Main Library MUST Main Library 03/09/2014   2012/36530   QW4 C688t 1998 2014-2456 03/09/2014 Book Bank
    Other/Generic Classification Scheme     MUST Main Library MUST Main Library 03/09/2014   2012/36533   QW4 C688t 1998 2014-2457 03/09/2014 Book Bank